000 00361 a2200109 4500
001 ART_2888
005 20260410161710.0
008 260409a
245 1 0 _aDesarrollo y estancamiento en América Latina(enfoque estructuralista)
100 1 _aFurtado, Celso
773 0 _tDesarrollo económico
_g- Vol. 6, Nº 22/23 (jul./dic. 1966)
_wREV1174
999 _c16035
_d16035